Newman's birds of Southern Africa (Record no. 52220)

MARC details
000 -LEADER
fixed length control field 00665nam a2200181 a 4500
008 - FIXED-LENGTH DATA ELEMENTS--GENERAL INFORMATION
fixed length control field 090526s1983 ||||||||||||||||| || u
020 ## - INTERNATIONAL STANDARD BOOK NUMBER
International Standard Book Number 1868727351
050 ## - LIBRARY OF CONGRESS CALL NUMBER
Classification number QL 692.S66 New
100 ## - MAIN ENTRY--PERSONAL NAME
Personal name Newman, Kenneth
245 10 - TITLE STATEMENT
Title Newman's birds of Southern Africa
Statement of responsibility, etc. Kenneth Newman
260 ## - PUBLICATION, DISTRIBUTION, ETC.
Place of publication, distribution, etc. Cape town
Name of publisher, distributor, etc. Sappi
Date of publication, distribution, etc. 1983
300 ## - PHYSICAL DESCRIPTION
Extent 527p.: ill
350 ## - PRICE (NR) (BK AM CF MU VM SE) [OBSOLETE]
Price 0.00
650 ## - SUBJECT ADDED ENTRY--TOPICAL TERM
Topical term or geographic name entry element BIRDS
650 ## - SUBJECT ADDED ENTRY--TOPICAL TERM
Topical term or geographic name entry element BIRDS--AFRICA, SOUTHERN--IDENTIFICATION
650 ## - SUBJECT ADDED ENTRY--TOPICAL TERM
Topical term or geographic name entry element BIRDS--AFRICA, SOUTHERN--PICTORIAL WORKS
995 ## - RECOMMENDATION 995 [LOCAL, UNIMARC FRANCE]
-- 0.00
-- CBU-MAIN LIBRARY (Kitwe)
-- 1
-- 0.00
-- 1
-- AVAILABLE
-- May 26, 2009
-- Main Library Open Access Collection
Holdings
Withdrawn status Lost status Source of classification or shelving scheme Damaged status Not for loan Home library Current library Shelving location Date acquired Total Checkouts Full call number Barcode Date last seen Price effective from Koha item type
          CBU-MAIN LIBRARY, KITWE. CBU-MAIN LIBRARY, KITWE.   11/30/2022   QL 692.S66 New 740010 11/30/2022 11/30/2022 MONOGRAPH